| 000 | 00359nam a22001337a 4500 | ||
|---|---|---|---|
| 040 | _cNUST | ||
| 082 | _a620.112 KUM | ||
| 100 |
_aKumar, Kamal _9114232 |
||
| 110 |
_aGhai, R.C _9114233 |
||
| 245 | _aAdvanced Mechanics of Materials | ||
| 260 |
_aNew Delhi: _bKhanna Publishers, _c2004. |
||
| 650 |
_aAdvanced Mechanics of Materials _9114234 |
||
| 942 |
_2ddc _cBK |
||
| 999 |
_c595603 _d595603 |
||